Minecraft Nether Advancements - No Hints - Statistics

General Stats
  • This quiz has been taken 14 times
    5 since last reset
  • The average score is 16 of 23
Answer Stats
Advancement % Correct
A Terrible Fortress
100%
Return to Sender
100%
Uneasy Alliance
100%
War Pigs
100%
A Furious Cocktail
80%
Cover Me in Debris
80%
Hot Tourist Destinations
80%
How Did We Get Here?
80%
Into Fire
80%
Oh Shiny
80%
Spooky Scary Skeleton
80%
Subspace Bubble
80%
Those Were the Days
80%
Beaconator
60%
Local Brewery
60%
Nether
60%
Not Quite "Nine" Lives
60%
This Boat Has Legs
60%
Withering Heights
60%
Bring Home the Beacon
40%
Feels Like Home
40%
Hidden in the Depths
40%
Who is Cutting Onions?
40%
No matching quizzes found
Score Distribution
Percent of People with Each Score
Percentile by Number Answered
Your Score History
You have not taken this quiz since the last reset